Architecture against architecture : a manifesto /

"In Architecture Against Architecture, Reinier de Graaf sets out a 14-point manifesto of what needs to be done to revolutionize architecture for the 21st century"-- Provided by publisher.

Bibliographic Details
Main Author: Graaf, Reinier de, 1964- (Author)
Format: Book
Language:English
Published: London : Verso, 2026.
Subjects:

MARC

Tag First Indicator Second Indicator Subfields
LEADER 00000cam a2200000 i 4500
001 in00005781069
003 OCoLC
005 20260401141526.7
007 t|
008 250922s2026 enk b 000 0 eng
010 |a  2025043996 
024 8 |a 40033176639 
040 |a DLC  |b eng  |e rda  |c DLC  |d OCLCO  |d IG#  |d TOH  |d VP@  |d OSU 
020 |a 9781804299036  |q hardback 
020 |a 1804299030 
020 |z 9781804299067  |q ebook 
035 |a (OCoLC)1522714347 
042 |a pcc 
050 0 0 |a NA1995  |b .G685 2026 
100 1 |a Graaf, Reinier de,  |d 1964-  |e author.  |4 aut  |4 http://id.loc.gov/vocabulary/relators/aut  |1 https://id.oclc.org/worldcat/entity/E39PBJfRBPvpdP9Hr77vjCBMfq  |1 http://id.loc.gov/rwo/agents/no2017036895 
245 1 0 |a Architecture against architecture :  |b a manifesto /  |c Reinier de Graaf. 
263 |a 2604 
264 1 |a London :  |b Verso,  |c 2026. 
300 |a xii, 260 pages ;  |c 22 cm 
334 |a single unit  |b mono  |0 http://id.loc.gov/vocabulary/issuance/mono 
336 |a text  |b txt  |2 rdacontent  |0 http://id.loc.gov/vocabulary/contentTypes/txt 
337 |a unmediated  |b n  |2 rdamedia  |0 http://id.loc.gov/vocabulary/mediaTypes/n 
338 |a volume  |b nc  |2 rdacarrier  |0 http://id.loc.gov/vocabulary/carriers/nc 
353 |a bibliography  |b bibliography  |0 http://id.loc.gov/vocabulary/msupplcont/bibliography 
504 |a Includes bibliographical references. 
520 |a "In Architecture Against Architecture, Reinier de Graaf sets out a 14-point manifesto of what needs to be done to revolutionize architecture for the 21st century"-- Provided by publisher. 
650 0 |a Architectural practice. 
650 0 |a Architecture. 
650 6 |a Architecture. 
650 7 |a architecture (discipline)  |2 aat 
650 7 |a ARCHITECTURE / General.  |2 bisacsh 
758 |1 http://id.loc.gov/resources/instances/in00024329808 
758 |4 http://id.loc.gov/ontologies/bibframe/instanceOf  |1 http://id.loc.gov/resources/works/in00024329808 
776 0 8 |i Online version  |4 http://id.loc.gov/entities/relationships/onlineversion  |a Graaf, Reinier de, 1964-  |t Architecture against architecture  |d London : Verso, 2026  |z 9781804299067  |w (DLC) 2025043997 
884 |a DLC bibframe2marc v3.0-dev  |g 20250922  |q DLC  |u https://github.com/lcnetdev/bibframe2marc/tree/v3.0-dev 
945 |b 727669 
947 |a A14852277681 
980 |b print  |c 40033176639  |f NONFIC/B  |g 565714  |k USD  |m 21.56  |q 1  |s AcqMono Conventional  |t Approval plan  |u Vendor order reference number  |v ZYBP  |y Print approval  |z Physical resource 
999 f f |i 5543f861-ab8b-40ee-81b9-b09e7b42273c  |s f8b9e7cc-228e-42b5-a638-d2b1dd63342f  |t 0 
952 f f |p newbook  |a Texas A&M University  |b College Station  |c Sterling C. Evans Library  |s Evans nbs  |d Evans: New Book Shelves (1st floor)  |t 0  |e NA1995 .G685 2026  |h Library of Congress classification  |i unmediated -- volume  |m A14852277681 
998 f f |a NA1995 .G685 2026  |t 0  |l Evans: Library Stacks